Predikcia tvrdosti podhúsenicovej zóny teplom ovplyvnenej oblasti moderných konštrukčných ocelí : Diplomová práca

Salvato in:
Dettagli Bibliografici
Autore principale: Fridrich, Rastislav (Autore)
Altri autori: Mráz, Ľuboš (xxx)
Natura: Manoscritto Libro
Pubblicazione: Trnava : STU v Bratislave MtF KMIaTS, 1994
Soggetti:
Tags: Aggiungi Tag
Nessun Tag, puoi essere il primo ad aggiungerne!!

MARC

LEADER 00000ntm a22000003a 4500
001 stu152966
005 20160719155634.8
008 071130s1994----xo----------------------d
040 |a STU  |b slo 
041 0
044 |a xo 
100 1 |a Fridrich, Rastislav  |4 aut 
245 1 |a Predikcia tvrdosti podhúsenicovej zóny teplom ovplyvnenej oblasti moderných konštrukčných ocelí :  |b Diplomová práca 
260 |a Trnava :  |b STU v Bratislave MtF KMIaTS,  |c 1994 
300 |a 66 s 
650 7 |a materiálové inžinierstvo  |2 stusub 
700 1 |a Mráz, Ľuboš  |4 xxx